000 00347nam a2200133Ia 4500
008 220216s9999 xx 000 0 und d
100 _aHabibah Bte Suleiman
245 0 _aNatural rubber: Is Malaysia losing its vigour?
260 _bMalaysian Rubber Review
_c1992
300 _a54-63
650 _aRubber industry
856 _uATA
942 _cJS
999 _c63673
_d63673